International economics

Saved in:
书目详细资料
主要作者: Kindleberger,Charles P
格式: 图书
出版: Illinois Richard D.Irwin,INC c1968
版:4th ed.
主题:
标签: 添加标签
没有标签, 成为第一个标记此记录!

MARC

LEADER 00000nam a2200000 4500
020 |a NA  |c TZS 3500 
040 |a MUL  |b eng  |e AACR 
082 |a 0032042 
100 |a Kindleberger,Charles P 
245 |a International economics  |c / Charles P. Kindleberger 
250 |a 4th ed. 
260 |a Illinois  |b Richard D.Irwin,INC  |c c1968 
300 |a xix, 611 p. :  |b ill.;  |c 23 cm 
504 |a Includes index 
650 |a International trade 
650 |a Taxation 
942 |c BK 
999 |c 2895  |d 2895